Luật giao thông đường bộ và các qui định mới nhất về xử phạt vi phạm an toàn giao thông

Uloženo v:
Podrobná bibliografie
Médium: Kniha
Jazyk:Undetermined
Vydáno: Hà Nội Giao thông vận tải 2007
Témata:
Tagy: Přidat tag
Žádné tagy, Buďte první, kdo otaguje tento záznam!
Thư viện lưu trữ: Trung tâm Học liệu Trường Đại học Cần Thơ
LEADER 00656nam a2200181Ia 4500
001 CTU_128878
008 210402s9999 xx 000 0 und d
020 |c 35000 
082 |a 343.597094 
082 |b L504 
245 0 |a Luật giao thông đường bộ và các qui định mới nhất về xử phạt vi phạm an toàn giao thông 
260 |a Hà Nội 
260 |b Giao thông vận tải 
260 |c 2007 
650 |a Traffic regulations,Traffic safety 
650 |z Vietnam,Vietnam 
904 |i Tuyến (Năm thay SPL 343.597093 thành 343.597094) 
980 |a Trung tâm Học liệu Trường Đại học Cần Thơ